<?xml version="1.0" encoding="UTF-8"?>
<collection xmlns="http://www.loc.gov/MARC21/slim">
 <record>
  <leader>01878cas a2200301 a 4500</leader>
  <controlfield tag="001">AALejournalIMF002667</controlfield>
  <controlfield tag="008">230101c9999    xx  r poo     0    0eng d</controlfield>
  <datafield tag="020" ind1=" " ind2=" ">
   <subfield code="c">5.00 USD</subfield>
  </datafield>
  <datafield tag="020" ind1=" " ind2=" ">
   <subfield code="z">9781451800159</subfield>
  </datafield>
  <datafield tag="022" ind1=" " ind2=" ">
   <subfield code="a">1934-7685</subfield>
  </datafield>
  <datafield tag="040" ind1=" " ind2=" ">
   <subfield code="a">BD-DhAAL</subfield>
   <subfield code="c">BD-DhAAL</subfield>
  </datafield>
  <datafield tag="110" ind1="2" ind2=" ">
   <subfield code="a">International Monetary Fund.</subfield>
  </datafield>
  <datafield tag="245" ind1="1" ind2="0">
   <subfield code="a">Islamic State of Afghanistan : </subfield>
   <subfield code="b">Rebuilding a Macroeconomic Framework for Reconstruction and Growth.</subfield>
  </datafield>
  <datafield tag="264" ind1=" " ind2="1">
   <subfield code="a">Washington, D.C. :</subfield>
   <subfield code="b">International Monetary Fund,</subfield>
   <subfield code="c">2003.</subfield>
  </datafield>
  <datafield tag="300" ind1=" " ind2=" ">
   <subfield code="a">1 online resource (140 pages)</subfield>
  </datafield>
  <datafield tag="490" ind1="1" ind2=" ">
   <subfield code="a">IMF Staff Country Reports</subfield>
  </datafield>
  <datafield tag="500" ind1=" " ind2=" ">
   <subfield code="a">&lt;strong&gt;Off-Campus Access:&lt;/strong&gt; No User ID or Password Required</subfield>
  </datafield>
  <datafield tag="500" ind1=" " ind2=" ">
   <subfield code="a">&lt;strong&gt;On-Campus Access:&lt;/strong&gt; No User ID or Password Required</subfield>
  </datafield>
  <datafield tag="506" ind1=" " ind2=" ">
   <subfield code="a">Electronic access restricted to authorized BRAC University faculty, staff and students</subfield>
  </datafield>
  <datafield tag="520" ind1="3" ind2=" ">
   <subfield code="a">In this study, economic developments and achievements, the role of the IMF, strong economic recovery, the formulation and implementation of the government's budgetary policy, and the progress made in rebuilding fiscal institutions are first discussed in detail. An overview of the challenges and issues of the authorities faced in the area of monetary and exchange rate policy is also provided. The authorities decided that the primary objective of monetary policy should be to achieve and maintain price stability and thus to restore confidence in the national currency.</subfield>
  </datafield>
  <datafield tag="538" ind1=" " ind2=" ">
   <subfield code="a">Mode of access: Internet</subfield>
  </datafield>
  <datafield tag="650" ind1=" " ind2="7">
   <subfield code="a">Banks</subfield>
   <subfield code="2">imf</subfield>
  </datafield>
  <datafield tag="650" ind1=" " ind2="7">
   <subfield code="a">Depository Institutions</subfield>
   <subfield code="2">imf</subfield>
  </datafield>
  <datafield tag="650" ind1=" " ind2="7">
   <subfield code="a">International Agreements and Observance</subfield>
   <subfield code="2">imf</subfield>
  </datafield>
  <datafield tag="650" ind1=" " ind2="7">
   <subfield code="a">International Organizations</subfield>
   <subfield code="2">imf</subfield>
  </datafield>
  <datafield tag="650" ind1=" " ind2="7">
   <subfield code="a">Monetary Policy</subfield>
   <subfield code="2">imf</subfield>
  </datafield>
  <datafield tag="830" ind1=" " ind2="0">
   <subfield code="a">IMF Staff Country Reports; Country Report ;</subfield>
   <subfield code="v">No. 2003/299</subfield>
  </datafield>
  <datafield tag="856" ind1="4" ind2="0">
   <subfield code="z">Full text available on IMF</subfield>
   <subfield code="u">http://elibrary.imf.org/view/journals/002/2003/299/002.2003.issue-299-en.xml</subfield>
   <subfield code="z">IMF e-Library</subfield>
  </datafield>
 </record>
</collection>
